000 01002 a2200241 4500
999 _c7997
_d7997
020 _a9781483365053
050 0 0 _aLC1099.3 HOW 2017
100 1 _aHowe, William A.,
_eauthor.
245 1 0 _aBecoming a multicultural educator :
_bdeveloping awareness, gaining skills, and taking action /
_cWilliam A. Howe, Penelope L. Lisi.
250 _aSecond edition.
264 1 _aLos Angeles :
_bSage Publications, Inc.,
_c[2017]
300 _axxviii, 427 pages :
_billustrations ;
500 _aIncludes bibliographical references (pages 403-415) and index.
504 _aIncludes bibliographical references (pages 403-415) and index.
650 0 _aMulticultural education
_xStudy and teaching
650 0 _aTeaching
650 7 _aMulticultural education
_xStudy and teaching.
650 7 _aTeaching.
651 7 _aUnited States.
700 _aLisi, Penelope L
_eauthor
942 _2lcc
_cBK
_e2nd
_h1099.3
_iHOW
_kLC